[Event "Metz op 14th"]
[Site "Metz"]
[Date "1996.??.??"]
[Round "?"]
[White "Mauvary, Etienne"]
[Black "Philippe, Christophe"]
[Result "1-0"]
[WhiteElo "2225"]
[BlackElo "2060"]
[PlyCount "71"]
[EventDate "1996.04.??"]
[EventType "swiss"]
[EventRounds "9"]
[EventCountry "FRA"]
[SourceTitle "EXT 1998"]
[Source "ChessBase"]
[SourceDate "1997.11.17"]
[SourceVersion "1"]
[SourceVersionDate "1997.11.17"]
[SourceQuality "1"]

1. e4 c5 2. Nf3 d6 3. d4 cxd4 4. Nxd4 Nf6 5. Nc3 g6 6. Be3 Bg7 7. f3 0-0 8. Bc4 Nc6 9. Qd2 Nd7 10. h4 Na5 11. Bd3 Ne5 12. Qe2 Be6 13. h5 Bc4 14. f4 Nxd3+ 15. cxd3 Ba6 16. hxg6 hxg6 17. f5 Nc6 18. Nxc6 bxc6 19. Qg4 Qa5 20. Bd2 Qe5 21. Qh3 Rfb8 22. Nd1 d5 23. fxg6 Qf6 24. gxf7+ Kf8 25. Qh7 e6 26. Rf1 Qxf1+ 27. Kxf1 Kxf7 28. Qh5+ Kg8 29. Bf4 Rf8 30. Qg6 Rxf4+ 31. Ke2 Rxe4+ 32. Kd2 Re5 33. Ne3 Rb8 34. b3 Rb4 35. Qe8+ Bf8 36. Rf1 1-0

[Event "Cannes Martinez op"]
[Site "Cannes"]
[Date "1996.??.??"]
[Round "8"]
[White "Mauvary, Etienne"]
[Black "Poesson, Thierry"]
[Result "1-0"]
[WhiteElo "2190"]
[BlackElo "2030"]
[PlyCount "57"]
[EventDate "1996.08.??"]
[EventType "swiss"]
[EventRounds "9"]
[EventCountry "FRA"]
[SourceTitle "EXT 1998"]
[Source "ChessBase"]
[SourceDate "1997.11.17"]
[SourceVersion "1"]
[SourceVersionDate "1997.11.17"]
[SourceQuality "1"]

1. e4 e5 2. Bc4 Nf6 3. Nf3 Nc6 4. Ng5 d5 5. exd5 Na5 6. d3 Nxc4 7. dxc4 Bf5 8. Qe2 Bd6 9. 0-0 0-0 10. Nc3 Re8 11. Nge4 Nxe4 12. Nxe4 b6 13. Bd2 a5 14. a3 Qe7 15. Rfb1 a4 16. b4 axb3 17. cxb3 Bxa3 18. b4 Bxb4 19. Rxa8 Rxa8 20. Bxb4 Qxb4 21. Rxb4 Ra1+ 22. Qf1 Rxf1+ 23. Kxf1 Bxe4 24. Ra4 g6 25. Ke2 Bxg2 26. Ra7 b5 27. Rxc7 bxc4 28. d6 Bh3 29. d7 1-0